banner koha

Leguminosas para adubacao verde em solos arenosos do Sul de Santa Catarina (Registro n. 274214)

MARC details
000 -LÍDER
campo de controle de tamanho fixo 01008nac a22003137a 4500
001 - NÚMERO DE CONTROLE
campo de controle BR8202656
003 - IDENTIFICADOR DO NÚMERO DE CONTROLE
campo de controle BR-BrBNA
005 - DATA E HORÁRIO DA ÚLTIMA TRANSAÇÃO
campo de controle 20240105115318.0
008 - CAMPO DE DADOS FIXOS--INFORMAÇÃO GERAL
campo de controle de tamanho fixo 230509b bl.|||m| |||| 00| 0 por d
040 ## - FONTE DA CATALOGAÇÃO
Instituição da catalogação original BR-BrBNA
Idioma da catalogação por
Instituição que transcreveu o registro Biblioteca Nacional de Agricultura
072 ## - CÓDIGO DE CATEGORIA DE ASSUNTO
Código de Categoria de Assunto F25; F00
090 ## - NÚMERO DE CHAMADA LOCAL
Número de chamada 1950 BR8202656
100 1# - ENTRADA PRINCIPAL--NOME PESSOAL
Nome pessoal Mondardo, E.
100 1# - ENTRADA PRINCIPAL--NOME PESSOAL
Nome pessoal Moraes, O. de
100 1# - ENTRADA PRINCIPAL--NOME PESSOAL
Nome pessoal Morel, D.A.
100 1# - ENTRADA PRINCIPAL--NOME PESSOAL
Nome pessoal Miura, L.
100 1# - ENTRADA PRINCIPAL--NOME PESSOAL
Nome pessoal Schmitt, A.T.
110 1# - ENTRADA PRINCIPAL--NOME CORPORATIVO
Nome corporativo ou nome da jurisdição Empresa Catarinense de Pesquisa Agropecuaria S.A., Florianopolis, SC (Brasil)
245 1# - TÍTULO
Título Leguminosas para adubacao verde em solos arenosos do Sul de Santa Catarina
250 1# - EDIÇÃO
Edição 2. ed.
260 3# - PUBLICAÇÃO, DISTRIBUIÇÃO, ETC.
Local de publicação, distribuição, etc. Florianopolis, SC (Brasil):
Data da publicação, distribuição, etc. 1982.
300 ## - DESCRIÇÃO FÍSICA
Extensão 13 p.
490 ## - TÍTULO DA SÉRIE
Título da série Comunicado Tecnico - Empresa Catarinense de Pesquisa Agropecuaria S.A. (Brazil)
Número do volume ou designação sequencial da série no. 43
ISSN - International Standard Serial Number ISSN 0100-4719
650 ## - ASSUNTO--TERMO TÓPICO
Cabeçalho tópico ou nome geográfico LEGUMINOSA
650 ## - ASSUNTO--TERMO TÓPICO
Cabeçalho tópico ou nome geográfico ADUBACAO VERDE
650 ## - ASSUNTO--TERMO TÓPICO
Cabeçalho tópico ou nome geográfico SOLO
909 ## -
-- 202312
-- Lúcia Elande
-- 55
-- Lúcia Elande
942 ## - ELEMENTOS DE ENTRADA ADICIONADOS (KOHA)
Fonte da classificação ou esquema de arquivamento na estante Classificação AGRIS
Ocultar no OPAC Não
Tipo de material Koha Monografia Seriada
Exemplares
Situação do descarte Fonte da classificação ou esquema de arquivamento na estante Situação física Não pode ser emprestado Coleção Biblioteca de origem Biblioteca atual Localização na estante Total de empréstimos Número de telefone completo Código de barras Data de último acesso Tipo de material Koha Fonte de aquisição
  Classificação AGRIS       Biblioteca Nacional de Agricultura - Binagri Biblioteca Nacional de Agricultura - Binagri Agrobase - Acervo Geral   1950 BR8202656 1950 BR8202656 18/12/2023 Monografia Seriada Portaria Interministerial nº 164/94

BINAGRI

Telefone: (61)3218-2567/2388/3357/2097 - binagri@agro.gov.br

Ministério da Agricultura e Pecuária , Esplanada dos Ministérios, Bloco D, Anexo B, Brasília/DF, CEP: 70.043-900